Loading...

Introduction to agricultural engineering

Bibliographic Details
Main Author: Roth, L.O
Format: Printed Book
Language:Undetermined
English
Published: Connecticut Avi Publishing company Inc 1977
Subjects:
LEADER 00607nam a2200181Ia 4500
008 140306s9999 xx 000 0 und d
041 |a eng 
082 |a 631.3  |b ROT/IN 
100 |a Roth, L.O 
245 |a Introduction to agricultural engineering 
260 |a Connecticut  |b Avi Publishing company Inc  |c 1977 
300 |a 356 
365 |b Rs.18.50 
440 |v Avi textbook series 
650 |a Equipment calibration 
942 |2 ddc  |c BK 
999 |c 117482  |d 117482 
952 |0 0  |1 0  |2 ddc  |4 0  |6 631_300000000000000_ROTIN  |7 0  |9 116400  |a KAUHCV  |b KAUHCV  |d 2004-04-29  |g 18.50  |o 631.3 ROT/IN  |p KAU_HCV-13846  |r 2014-03-22  |w 2014-03-22  |y BK